Self-propagating high-temperature synthesis of the high- current emission lanthanum and niobium contained ceramics; IOP Conference Series: Materials Science and Engineering; Vol. 112 : Fundamental Aspects of Rare-earth Elements Mining and Separation and Modern Materials Engineering (REES-2015)
| Parent link: | IOP Conference Series: Materials Science and Engineering Vol. 112 : Fundamental Aspects of Rare-earth Elements Mining and Separation and Modern Materials Engineering (REES-2015).— 2016.— [012045, 5 p.] |
|---|---|
| Autor principal: | |
| Autor corporatiu: | |
| Altres autors: | , |
| Sumari: | Title screen The paper describes the production of metal-ceramic high-current emitters containing lanthanum hexaboride LaB[6] by self-propagating high-temperature synthesis. Tests of emitters as explosive-emission cathodes in an OMEGA-350 microsecond accelerator are presented. Experiments show that when a metal-ceramic cathode is used, the emitted energy was 12-17% higher than that produced by tungsten and graphite cathodes and the beam "signature" is a circle with a small (~ 15%) variation in radius. Режим доступа: по договору с организацией-держателем ресурса |
| Idioma: | anglès |
| Publicat: |
2016
|
| Matèries: | |
| Accés en línia: | http://dx.doi.org/10.1088/1757-899X/112/1/012045 |
| Format: | Electrònic Capítol de llibre |
| KOHA link: | https://koha.lib.tpu.ru/cgi-bin/koha/opac-detail.pl?biblionumber=648417 |
MARC
| LEADER | 00000nla2a2200000 4500 | ||
|---|---|---|---|
| 001 | 648417 | ||
| 005 | 20250513123008.0 | ||
| 035 | |a (RuTPU)RU\TPU\network\13574 | ||
| 035 | |a RU\TPU\network\13565 | ||
| 090 | |a 648417 | ||
| 100 | |a 20160519a2016 k y0engy50 ba | ||
| 101 | 0 | |a eng | |
| 102 | |a GB | ||
| 105 | |a y z 100zy | ||
| 135 | |a drgn ---uucaa | ||
| 181 | 0 | |a i | |
| 182 | 0 | |a b | |
| 200 | 1 | |a Self-propagating high-temperature synthesis of the high- current emission lanthanum and niobium contained ceramics |f O. Yu. Dolmatov, I. V. Shamanin, S. S. Chursin | |
| 203 | |a Text |c electronic | ||
| 300 | |a Title screen | ||
| 320 | |a [References: 5 tit.] | ||
| 330 | |a The paper describes the production of metal-ceramic high-current emitters containing lanthanum hexaboride LaB[6] by self-propagating high-temperature synthesis. Tests of emitters as explosive-emission cathodes in an OMEGA-350 microsecond accelerator are presented. Experiments show that when a metal-ceramic cathode is used, the emitted energy was 12-17% higher than that produced by tungsten and graphite cathodes and the beam "signature" is a circle with a small (~ 15%) variation in radius. | ||
| 333 | |a Режим доступа: по договору с организацией-держателем ресурса | ||
| 461 | 0 | |0 (RuTPU)RU\TPU\network\2008 |t IOP Conference Series: Materials Science and Engineering | |
| 463 | 0 | |0 (RuTPU)RU\TPU\network\13547 |t Vol. 112 : Fundamental Aspects of Rare-earth Elements Mining and Separation and Modern Materials Engineering (REES-2015) |o 2nd International Symposium, 7–15 September 2015, Belokuriha, Russia |o [proceedings] |v [012045, 5 p.] |d 2016 | |
| 610 | 1 | |a электронный ресурс | |
| 610 | 1 | |a труды учёных ТПУ | |
| 610 | 1 | |a самораспространяющийся высокотемпературный синтез | |
| 610 | 1 | |a лантан | |
| 610 | 1 | |a ниобий | |
| 610 | 1 | |a керамика | |
| 610 | 1 | |a эмиттеры | |
| 610 | 1 | |a взрывоэмиссионные катоды | |
| 610 | 1 | |a катоды | |
| 700 | 1 | |a Dolmatov |b O. Yu. |c Physicist |c Candidate of physical and mathematical sciences |f 1967- |g Oleg Yurevich |3 (RuTPU)RU\TPU\pers\32619 |9 16531 | |
| 701 | 1 | |a Shamanin |b I. V. |c specialist in the field of nuclear physics |c Professor of Tomsk Polytechnic University, Doctor of physical and mathematical sciences |c specialist in the field of nuclear power engineering |f 1962- |g Igor Vladimirovich |3 (RuTPU)RU\TPU\pers\30832 | |
| 701 | 1 | |a Chursin |b S. S. |c nuclear physicist |c laboratory assistant of Tomsk Polytechnic University |f 1991- |g Stanislav Sergeevich |3 (RuTPU)RU\TPU\pers\34213 | |
| 712 | 0 | 2 | |a Национальный исследовательский Томский политехнический университет |c (2009- ) |9 26305 |
| 801 | 2 | |a RU |b 63413507 |c 20160519 |g RCR | |
| 850 | |a 63413507 | ||
| 856 | 4 | |u http://dx.doi.org/10.1088/1757-899X/112/1/012045 | |
| 942 | |c CF | ||